Представление документа в формате RUSMARC

ПолеНазваниеЗначение
  Тип записи a
  Библиографический уровень m
001 Контрольный номер RU/IS/BASE/553271046
005 Дата корректировки 20201206205055.4
010 Индекс ISBN __
a ISBN 978-5-9516-0755-3 (в обл.)
d Цена 260-69
100 Данные общей обработки __
a Данные общей обработки 19170713d2016||||||| 0rusy0189 ca
101 Язык документа 0_
a Язык текста rus
102 Страна публикации __
a Страна публикации ru|
105 Кодированные данные (монография) __
a Кодированные данные (монография) #|||||||000zy
200 Заглавие и сведения об ответственности 1_
a Заглавие Муниципальное управление. Правовая, имущественная и организационная основы
f Первые сведения об ответственности Н. В. Постовой
b Общее обозначение материала Текст
210 Выходные данные __
a Место издания Москва
c Издательство Юриспруденция
d Дата издания 2016
215 Физическое описание __
a Объем 166, [1] с.
d Формат 21 см
300 Общие примечания __
a Общие примечания 1000 экз.
320 Библиография __
a Библиография Библиогр. в подстроч. примеч.
330 Аннотация __
a Аннотация Издание посвящено вопросам управления муниципальным образованием. Автор излагает научно обоснованную концепцию, основанную на личном опыте работы в муниципальных и государственных органах власти различных уровней. В монографии сформулированы новые критерии соотношения местного самоуправления и государства в политической системе общества, изложены возможные варианты установления компетенции субъектов местного самоуправления, даны предложения по укреплению доходов местных бюджетов. Для преподавателей, аспирантов, студентов высших учебных заведений, практических работников муниципальной и государственной службы.
606 Тематические рубрики __
a Основная рубрика Право
606 Тематические рубрики __
a Основная рубрика Конституционно-правовые основы местного самоуправления
610 Ключевые слова __
a Ключевые слова административно-территориальные образования
a Ключевые слова должностные лица
a Ключевые слова межмуниципальное сотрудничество
a Ключевые слова местное самоуправление
a Ключевые слова местные финансы
a Ключевые слова муниципальная служба
a Ключевые слова муниципальная собственность
a Ключевые слова муниципальное имущество
a Ключевые слова муниципальное право
a Ключевые слова муниципальное управление
a Ключевые слова муниципальные образования
a Ключевые слова муниципальные правовые акты
a Ключевые слова органы местного самоуправления
a Ключевые слова правовое регулирование
686 Индексы других классификаций __
2 Код системы rubbks
a Классификационный индекс 67.400.7(2Рос)
700 Автор _1
a Фамилия Постовой
b Имя Н. В.
g Полное личное имя Николай Васильевич
4 Код отношения 070
801 Источник записи _0
a Страна ru
b Организация Муниципальное бюджетное учреждение культуры "Централизованная библиотечная система" г. Сургут (Центральная городская библиотека им. А. С. Пушкина)
c Дата составления 20170713
g Правила каталогизации КиК/Котельникова
801 Источник записи _1
a Страна ru
b Организация Муниципальное бюджетное учреждение культуры "Централизованная библиотечная система" г. Сургут (Центральная городская библиотека им. А. С. Пушкина)
c Дата составления 20170713
g Правила каталогизации КиК/Котельникова
852 Данные о местонахождении __
j Шифр хранения 67.400.7(2Рос)
i Авторский знак П 63
901 Тип документа __
t Тип документа m
903 Характеристики (МАРС) __
a Дата передачи 20170713
969 Тип издания __
a Тип издания научное издание
990 Данные о заказе (DOS) __
j Количество экземпляров (DOS) 1
t N записи в КСУ для И/У (DOS) 201707